004770000a2200157000450024500880000065000250008865000180011365000300013104100130016170000210017470000220019570000200021770000200023710000240025777300380028110aWhat molecules can tell us about populations: choosing and using a molecular marker14aBiología molecular14aZondas de DNA14aGenética de poblaciones0 aInglés1 aSnow, Allison A.1 aSchug, Malcolm D.1 aBooton, Gregory1 aFuerst, Paul A.1 aParker, Patricia G.1 tEcology357h2q361-382d1998g79